000 01346nam a22003857a 4500
003 CHAP
005 20220329141226.0
008 971010s1982 r 00010 d
010 _a64712
011 _a65684
035 _a72957
040 _cCHAP
090 _aTesis
100 0 0 _aGarcía Morales, Manuel.
_946334
245 _aDiagnóstico socioeconómico del subsector agrícola en la Costa de Oaxaca
260 _aChapingo, Méx. :
_bEl autor,
_c1982
300 _a268 h.
_b; gráfs.
500 _a1992-18
502 _aTesis (Ing. Agr. Esp. en Economía Agrícola) -- UACH. Departamento de Economía Agrícola
590 _aALEPH
_b10
_c20130110
_lUCH01
_h1353
590 _aBATCH-UPD
_b10
_c20130110
_lUCH01
_h0612
590 _aBATCH-UPD
_b10
_c20130410
_lUCH01
_h0254
590 _aBATCH-UPD
_b10
_c20130914
_lUCH01
_h0049
590 _aCONVERSION
_b10
_c20130109
_lUCH01
_h1335
650 1 4 _aAgricultura
_xAspectos economicos
_xOaxaca.
_91279
650 1 4 _aAgricultura
_xOaxaca.
_91756
650 1 4 _aOaxaca
_xCondiciones económicas.
_982476
650 1 4 _aOaxaca
_xCondiciones sociales.
_982478
901 _aBK
942 _cFOLL
949 _bBC
_cTES
_d-43923
_eTS2
_fc.3
_h21705
_i72957
_si
949 _bBC
_cTES
_d-43924
_eTS2
_fc.2
_i72957
_si
949 _bBC
_cTES
_d-43925
_eTS1
_i72957
_si
949 _bCR
_cTESBD
_d-5708
_eTS1
_h13
_i72957
_si
999 _c64712
_d64712